| 000 | 00682nam a22002297a 4500 | ||
|---|---|---|---|
| 001 | BD-DhSAU 2827 | ||
| 003 | BD-DhSAU | ||
| 005 | 20150202160145.0 | ||
| 008 | 150202b1998 ii a||||r|||| 000 0 eng d | ||
| 020 | _a8120412168 | ||
| 040 | _aBD-DhSAU | ||
| 082 |
_222 _a581.15 _bTRE |
||
| 245 |
_aTree improvement : _cEdited by Sunil Puri. _bapplied research and technolgy transfer / |
||
| 260 |
_aNew Delhi : _bOxford & IBH Publishing Co. , _cc1998. |
||
| 300 |
_aviii, 324 p. : _bill. ; _c24 cm. |
||
| 504 | _aInclude bibliographical references. | ||
| 590 | _ajoy | ||
| 650 | _aBotany. | ||
| 650 |
_aPinus radiata. _xSelection |
||
| 650 | _aTree improvement. | ||
| 700 | _aPuri, Sunil. | ||
| 942 |
_2ddc _cBOOK |
||
| 999 |
_c2827 _d2827 |
||